[Event "M?R mu?? 2020"]
[Site "Plze?"]
[Date "2020.08.24"]
[Round "2.22"]
[White "Smolik, Jachym"]
[Black "Rabatin, Jakub"]
[Result "0-1"]
[BlackElo "2291"]
[WhiteElo "2121"]
[LiveChessVersion "1.4.8"]

1. d4 {[%clk 1:30:55]} Nf6 {[%clk 1:30:55]} 2. Nf3 {[%clk 1:31:22]} b6
{[%clk 1:31:20]} 3. b3 {[%clk 1:30:37]} g6 {[%clk 1:31:11]} 4. Bb2
{[%clk 1:30:15]} Bg7 {[%clk 1:31:35]} 5. Nbd2 {[%clk 1:30:03]} Bb7
{[%clk 1:30:45]} 6. c4 {[%clk 1:29:33]} O-O {[%clk 1:30:37]} 7. Qc2
{[%clk 1:29:01]} c5 {[%clk 1:13:54]} 8. e4 {[%clk 1:01:25]} cxd4 {[%clk 1:12:59]}
9. Nxd4 {[%clk 1:01:54]} e6 {[%clk 1:04:36]} 10. Be2 {[%clk 0:48:50]} d5
{[%clk 0:58:20]} 11. exd5 {[%clk 0:45:20]} exd5 {[%clk 0:58:33]} 12. O-O
{[%clk 0:45:26]} Na6 {[%clk 0:46:57]} 13. Rad1 {[%clk 0:43:01]} Rc8
{[%clk 0:37:49]} 14. Nb5 {[%clk 0:38:48]} Nc7 {[%clk 0:32:42]} 15. Nxa7
{[%clk 0:30:02]} Ra8 {[%clk 0:33:05]} 16. Nb5 {[%clk 0:24:46]} Nxb5
{[%clk 0:32:39]} 17. cxb5 {[%clk 0:25:01]} Rxa2 {[%clk 0:31:22]} 18. Qb1
{[%clk 0:25:28]} Ra8 {[%clk 0:26:58]} 19. Bf3 {[%clk 0:24:19]} Qc7
{[%clk 0:23:28]} 20. Qd3 {[%clk 0:18:20]} Ng4 {[%clk 0:22:38]} 21. Bxg4
{[%clk 0:18:06]} Bxb2 {[%clk 0:23:03]} 22. Bf3 {[%clk 0:15:43]} Rfd8
{[%clk 0:23:25]} 23. Rfe1 {[%clk 0:14:41]} Bf6 {[%clk 0:16:10]} 24. Rc1
{[%clk 0:14:34]} Qd7 {[%clk 0:15:50]} 25. Red1 {[%clk 0:13:03]} Rac8
{[%clk 0:13:31]} 26. h3 {[%clk 0:11:10]} h5 {[%clk 0:13:21]} 27. Nf1
{[%clk 0:10:28]} Rxc1 {[%clk 0:07:58]} 28. Rxc1 {[%clk 0:10:56]} Bg5
{[%clk 0:08:20]} 29. Rd1 {[%clk 0:10:52]} d4 {[%clk 0:04:59]} 30. Bxb7
{[%clk 0:10:12]} Qxb7 {[%clk 0:05:27]} 31. Nh2 {[%clk 0:07:51]} Qd5
{[%clk 0:01:28]} 32. Nf3 {[%clk 0:07:51]} Bf6 {[%clk 0:01:52]} 33. Rc1
{[%clk 0:08:08]} Rd6 {[%clk 0:01:45]} 34. Nd2 {[%clk 0:03:59]} Re6
{[%clk 0:01:56]} 35. Qc4 {[%clk 0:04:26]} Qf5 {[%clk 0:01:33]} 36. Nf3
{[%clk 0:03:22]} Rd6 {[%clk 0:00:37]} 37. Qc8+ {[%clk 0:02:44]} Qxc8
{[%clk 0:01:01]} 38. Rxc8+ {[%clk 0:03:13]} Kg7 {[%clk 0:01:19]} 39. Rc6
{[%clk 0:03:29]} Rd5 {[%clk 0:01:14]} 40. Nd2 {[%clk 0:01:01]} d3
{[%clk 0:00:54]} 41. g3 {[%clk 0:24:05]} Be7 {[%clk 0:25:42]} 42. Rc4
{[%clk 0:21:56]} Bf6 {[%clk 0:24:08]} 43. Rc6 {[%clk 0:21:54]} h4
{[%clk 0:24:25]} 44. Kg2 {[%clk 0:19:12]} hxg3 {[%clk 0:23:45]} 45. Kxg3
{[%clk 0:19:41]} Rxb5 {[%clk 0:20:41]} 46. f4 {[%clk 0:16:29]} Be7
{[%clk 0:12:08]} 47. Rc3 {[%clk 0:15:42]} Rd5 {[%clk 0:10:48]} 48. Rc4
{[%clk 0:16:11]} b5 {[%clk 0:06:40]} 49. Re4 {[%clk 0:16:39]} Bc5
{[%clk 0:05:40]} 50. Re5 {[%clk 0:12:01]} Rxe5 {[%clk 0:04:55]} 51. fxe5
{[%clk 0:12:30]} Bb4 {[%clk 0:03:22]} 52. Ne4 {[%clk 0:12:55]} d2
{[%clk 0:03:36]} 53. Nf2 {[%clk 0:13:22]} Bc5 {[%clk 0:02:49]} 54. Nd1
{[%clk 0:13:47]} Kf8 {[%clk 0:02:58]} 55. Kf3 {[%clk 0:14:07]} Ke7
{[%clk 0:03:14]} 56. Ke2 {[%clk 0:13:46]} Bb4 {[%clk 0:02:41]} 57. Kd3
{[%clk 0:14:15]} Ke6 {[%clk 0:02:54]} 58. Kd4 {[%clk 0:14:00]} Bf8
{[%clk 0:01:47]} 59. Ne3 {[%clk 0:13:56]} Bh6 {[%clk 0:01:52]} 60. Nd1
{[%clk 0:14:19]} Bf4 {[%clk 0:02:07]} 61. Kc5 {[%clk 0:14:33]} Kxe5
{[%clk 0:02:24]} 62. Kxb5 {[%clk 0:14:55]} Kd4 {[%clk 0:02:40]} 0-1

[Event "M?R mu?? 2020"]
[Site "Plze?"]
[Date "2020.08.24"]
[Round "2.23"]
[White "Mladek, Richard"]
[Black "Flajsman, Pavel"]
[Result "1/2-1/2"]
[BlackElo "2184"]
[WhiteElo "2280"]
[LiveChessVersion "1.4.8"]

1. e4 {[%clk 1:30:58]} c5 {[%clk 1:30:44]} 2. Nf3 {[%clk 1:31:22]} Nc6
{[%clk 1:31:10]} 3. d4 {[%clk 1:31:39]} cxd4 {[%clk 1:31:36]} 4. Nxd4
{[%clk 1:32:04]} Nf6 {[%clk 1:32:01]} 5. Nc3 {[%clk 1:32:29]} d6 {[%clk 1:32:16]}
6. f3 {[%clk 1:32:05]} e5 {[%clk 1:31:48]} 7. Nb3 {[%clk 1:32:29]} Be6
{[%clk 1:31:23]} 8. Be3 {[%clk 1:30:47]} Be7 {[%clk 1:31:00]} 9. Be2
{[%clk 1:28:04]} O-O {[%clk 1:28:12]} 10. O-O {[%clk 1:25:24]} d5
{[%clk 1:03:38]} 11. exd5 {[%clk 1:25:30]} Nxd5 {[%clk 1:01:38]} 12. Nxd5
{[%clk 1:25:31]} Bxd5 {[%clk 1:01:59]} 13. Qe1 {[%clk 1:18:32]} Qc7
{[%clk 0:51:56]} 14. c4 {[%clk 1:09:20]} Be6 {[%clk 0:50:59]} 15. Qf2
{[%clk 1:03:39]} Rfd8 {[%clk 0:42:32]} 16. Rfd1 {[%clk 1:01:32]} Rxd1+
{[%clk 0:26:05]} 17. Rxd1 {[%clk 1:01:32]} b6 {[%clk 0:26:28]} 18. f4
{[%clk 0:58:57]} Rd8 {[%clk 0:23:15]} 19. Rxd8+ {[%clk 0:57:13]} Nxd8
{[%clk 0:23:40]} 20. Nd2 {[%clk 0:41:48]} exf4 {[%clk 0:21:29]} 21. Qxf4
{[%clk 0:41:32]} Bd6 {[%clk 0:18:30]} 22. Qh4 {[%clk 0:41:24]} Bf5
{[%clk 0:17:43]} 23. Nf3 {[%clk 0:40:09]} Ne6 {[%clk 0:17:28]} 24. Nd4
{[%clk 0:35:32]} Nxd4 {[%clk 0:16:04]} 25. Bxd4 {[%clk 0:35:54]} h6
{[%clk 0:13:08]} 26. a3 {[%clk 0:34:49]} Be6 {[%clk 0:05:57]} 27. Be3
{[%clk 0:24:54]} Bc5 {[%clk 0:05:15]} 28. Qe4 {[%clk 0:24:45]} Bxc4
{[%clk 0:03:07]} 29. Bxc4 {[%clk 0:20:46]} Bxe3+ {[%clk 0:03:34]} 30. Kh1
{[%clk 0:21:09]} Bc5 {[%clk 0:03:35]} 31. h4 {[%clk 0:17:33]} Qd8
{[%clk 0:02:47]} 32. Bd3 {[%clk 0:16:33]} f5 {[%clk 0:01:16]} 33. Qc4+
{[%clk 0:11:05]} Kh8 {[%clk 0:01:44]} 34. b4 {[%clk 0:11:29]} Bd4
{[%clk 0:01:38]} 35. g3 {[%clk 0:11:58]} g6 {[%clk 0:00:53]} 36. Qf7
{[%clk 0:10:55]} Bg7 {[%clk 0:00:55]} 37. h5 {[%clk 0:10:49]} Qf6
{[%clk 0:00:37]} 38. Qe8+ {[%clk 0:09:54]} Bf8 {[%clk 0:00:38]} 39. hxg6
{[%clk 0:07:14]} Kg7 {[%clk 0:00:55]} 40. Qd7+ {[%clk 0:05:43]} Kxg6
{[%clk 0:01:10]} 41. Kg2 {[%clk 0:29:07]} Qf7 {[%clk 0:24:05]} 42. Qd4
{[%clk 0:26:19]} h5 {[%clk 0:21:01]} 43. Kh3 {[%clk 0:19:05]} Bg7
{[%clk 0:18:28]} 44. Qd6+ {[%clk 0:18:36]} Qf6 {[%clk 0:16:15]} 45. Qd7
{[%clk 0:18:37]} Qg5 {[%clk 0:10:23]} 46. Qe8+ {[%clk 0:16:22]} Kh6
{[%clk 0:10:47]} 47. Qe6+ {[%clk 0:16:35]} Qg6 {[%clk 0:08:05]} 48. Qe3+
{[%clk 0:15:26]} Qg5 {[%clk 0:08:15]} 49. Qe6+ {[%clk 0:15:26]} Qg6
{[%clk 0:08:25]} 50. Qe3+ {[%clk 0:15:03]} Qg5 {[%clk 0:08:11]} 1/2-1/2

[Event "M?R mu?? 2020"]
[Site "Plze?"]
[Date "2020.08.24"]
[Round "2.30"]
[White "Malinovsky, Petr"]
[Black "Frank, Adam"]
[Result "1/2-1/2"]
[BlackElo "2219"]
[WhiteElo "2081"]
[LiveChessVersion "1.4.8"]

1. d4 {[%clk 1:30:57]} Nf6 {[%clk 1:30:56]} 2. c4 {[%clk 1:31:21]} g6
{[%clk 1:31:22]} 3. f3 {[%clk 1:31:43]} d6 {[%clk 1:31:48]} 4. e4
{[%clk 1:32:03]} Nbd7 {[%clk 1:32:10]} 5. Nc3 {[%clk 1:31:30]} Bg7
{[%clk 1:32:34]} 6. Be3 {[%clk 1:31:40]} O-O {[%clk 1:32:59]} 7. Nge2
{[%clk 1:31:27]} a6 {[%clk 1:33:21]} 8. Ng3 {[%clk 1:29:04]} c5 {[%clk 1:32:20]}
9. Be2 {[%clk 1:28:22]} h5 {[%clk 1:27:41]} 10. O-O {[%clk 1:28:40]} cxd4
{[%clk 1:15:10]} 11. Bxd4 {[%clk 1:28:55]} Ne5 {[%clk 1:14:38]} 12. Qd2
{[%clk 1:26:24]} Bd7 {[%clk 1:09:11]} 13. Rad1 {[%clk 1:24:43]} Rc8
{[%clk 1:05:57]} 14. b3 {[%clk 1:19:58]} Kh7 {[%clk 0:57:55]} 15. Nh1
{[%clk 1:16:40]} Bh6 {[%clk 0:50:52]} 16. Be3 {[%clk 1:15:33]} Bxe3+
{[%clk 0:50:53]} 17. Qxe3 {[%clk 1:15:59]} Qa5 {[%clk 0:51:15]} 18. Qd2
{[%clk 1:08:33]} Qc5+ {[%clk 0:47:18]} 19. Nf2 {[%clk 1:07:06]} b5
{[%clk 0:44:59]} 20. Nd5 {[%clk 1:05:46]} Nxd5 {[%clk 0:43:46]} 21. cxd5
{[%clk 1:05:13]} Qc2 {[%clk 0:42:51]} 22. Bd3 {[%clk 0:58:55]} Qxd2
{[%clk 0:41:29]} 23. Rxd2 {[%clk 0:59:06]} Rc3 {[%clk 0:41:51]} 24. Rfd1
{[%clk 0:52:14]} Rfc8 {[%clk 0:41:28]} 25. h3 {[%clk 0:50:57]} g5
{[%clk 0:38:28]} 26. Kf1 {[%clk 0:50:09]} Kg7 {[%clk 0:36:44]} 27. Ke2
{[%clk 0:48:56]} Kf6 {[%clk 0:32:34]} 28. g3 {[%clk 0:46:51]} a5 {[%clk 0:21:37]}
29. f4 {[%clk 0:43:29]} gxf4 {[%clk 0:22:01]} 30. gxf4 {[%clk 0:43:46]} Nxd3
{[%clk 0:22:27]} 31. Rxd3 {[%clk 0:42:29]} Rxd3 {[%clk 0:20:39]} 32. Kxd3
{[%clk 0:38:08]} b4 {[%clk 0:20:50]} 33. Rg1 {[%clk 0:28:42]} Rc3+
{[%clk 0:20:54]} 34. Kd2 {[%clk 0:28:56]} Bxh3 {[%clk 0:18:20]} 35. Rg5
{[%clk 0:29:16]} e5 {[%clk 0:16:29]} 36. Rxh5 {[%clk 0:28:00]} Bd7
{[%clk 0:16:08]} 37. fxe5+ {[%clk 0:27:13]} dxe5 {[%clk 0:16:25]} 38. Nd3
{[%clk 0:25:43]} Bg4 {[%clk 0:07:09]} 39. Rh6+ {[%clk 0:24:36]} Kg7
{[%clk 0:06:41]} 40. Ra6 {[%clk 0:23:55]} Bf3 {[%clk 0:05:16]} 41. Rxa5
{[%clk 0:22:24]} Bxe4 {[%clk 0:05:02]} 42. Nxb4 {[%clk 0:22:07]} Rc7
{[%clk 0:30:16]} 43. Ke3 {[%clk 0:49:37]} f5 {[%clk 0:29:05]} 44. Nc6
{[%clk 0:48:02]} Bxd5 {[%clk 0:27:28]} 45. Rxd5 {[%clk 0:47:04]} Rxc6
{[%clk 0:27:53]} 46. Rxe5 {[%clk 0:47:28]} Kf6 {[%clk 0:28:20]} 47. Kf4
{[%clk 0:46:11]} Ra6 {[%clk 0:24:45]} 48. Rxf5+ {[%clk 0:26:01]} Ke6
{[%clk 0:25:11]} 49. Re5+ {[%clk 0:26:20]} Kd6 {[%clk 0:25:35]} 50. Re2
{[%clk 0:25:43]} Kc5 {[%clk 0:24:05]} 51. a4 {[%clk 0:21:09]} Kb4
{[%clk 0:19:33]} 52. Re3 {[%clk 0:21:23]} Ra8 {[%clk 0:19:01]} 53. Kf3
{[%clk 0:18:49]} Rh8 {[%clk 0:18:54]} 54. Ke2 {[%clk 0:18:38]} Rh2+
{[%clk 0:19:14]} 55. Kd1 {[%clk 0:18:52]} Rg2 {[%clk 0:19:11]} 56. Rd3
{[%clk 0:18:56]} Rh2 {[%clk 0:19:23]} 57. Rd2 {[%clk 0:16:56]} Rh3
{[%clk 0:19:49]} 58. Kc2 {[%clk 0:15:08]} Rc3+ {[%clk 0:20:15]} 59. Kd1
{[%clk 0:15:00]} Rxb3 {[%clk 0:20:30]} 60. Rd4+ {[%clk 0:15:20]} Ka5
{[%clk 0:20:53]} 61. Kc2 {[%clk 0:15:25]} Rb4 {[%clk 0:20:51]} 1/2-1/2

[Event "M?R mu?? 2020"]
[Site "Plze?"]
[Date "2020.08.24"]
[Round "2.31"]
[White "Vorisek, Jakub"]
[Black "Joukl, Zdenek"]
[Result "1-0"]
[BlackElo "2062"]
[WhiteElo "2205"]
[LiveChessVersion "1.4.8"]

1. e4 {[%clk 1:30:30]} d5 {[%clk 1:30:17]} 2. exd5 {[%clk 1:30:19]} Qxd5
{[%clk 1:30:44]} 3. Nc3 {[%clk 1:29:56]} Qd6 {[%clk 1:30:44]} 4. d4
{[%clk 1:29:24]} Nf6 {[%clk 1:30:59]} 5. Nf3 {[%clk 1:28:22]} Bg4
{[%clk 1:30:26]} 6. Be2 {[%clk 1:26:37]} e6 {[%clk 1:29:07]} 7. O-O
{[%clk 1:26:29]} Be7 {[%clk 1:28:12]} 8. h3 {[%clk 1:20:10]} Bh5 {[%clk 1:26:46]}
9. Be3 {[%clk 1:17:30]} Nc6 {[%clk 1:15:15]} 10. Nb5 {[%clk 1:10:17]} Qd7
{[%clk 1:09:25]} 11. c4 {[%clk 1:08:09]} a6 {[%clk 1:07:33]} 12. Nc3
{[%clk 1:06:25]} Rd8 {[%clk 0:59:53]} 13. Qb3 {[%clk 0:50:53]} Na5
{[%clk 0:56:02]} 14. Qa4 {[%clk 0:48:04]} Qxa4 {[%clk 0:51:00]} 15. Nxa4
{[%clk 0:48:27]} O-O {[%clk 0:47:46]} 16. Rac1 {[%clk 0:45:49]} Ne4
{[%clk 0:43:03]} 17. g4 {[%clk 0:36:14]} Bg6 {[%clk 0:43:06]} 18. Ne5
{[%clk 0:36:27]} f6 {[%clk 0:39:03]} 19. Nxg6 {[%clk 0:36:18]} hxg6
{[%clk 0:38:43]} 20. Bf3 {[%clk 0:33:34]} Nd6 {[%clk 0:31:57]} 21. Nc5
{[%clk 0:31:02]} Rfe8 {[%clk 0:26:04]} 22. Nxe6 {[%clk 0:30:56]} Rc8
{[%clk 0:23:36]} 23. b3 {[%clk 0:29:02]} Nf7 {[%clk 0:19:52]} 24. Bd2
{[%clk 0:19:56]} Nc6 {[%clk 0:18:15]} 25. Bxc6 {[%clk 0:19:29]} bxc6
{[%clk 0:18:43]} 26. Rce1 {[%clk 0:19:21]} Bf8 {[%clk 0:09:53]} 27. Ba5
{[%clk 0:14:27]} Ne5 {[%clk 0:08:30]} 28. dxe5 {[%clk 0:11:58]} Rxe6
{[%clk 0:08:53]} 29. f4 {[%clk 0:08:56]} Bc5+ {[%clk 0:08:46]} 30. Kg2
{[%clk 0:09:18]} g5 {[%clk 0:04:08]} 31. exf6 {[%clk 0:06:37]} Rxf6
{[%clk 0:02:07]} 32. fxg5 {[%clk 0:05:41]} Rxf1 {[%clk 0:02:33]} 33. Rxf1
{[%clk 0:05:57]} Re8 {[%clk 0:02:39]} 34. Re1 {[%clk 0:05:09]} Rf8
{[%clk 0:02:43]} 35. Re2 {[%clk 0:05:15]} Bd6 {[%clk 0:02:56]} 36. g6
{[%clk 0:04:34]} c5 {[%clk 0:02:10]} 37. h4 {[%clk 0:03:17]} Rd8 {[%clk 0:01:48]}
38. Bc3 {[%clk 0:02:20]} Bf8 {[%clk 0:01:56]} 39. Rd2 {[%clk 0:01:38]} Re8
{[%clk 0:02:09]} 40. Kf3 {[%clk 0:01:28]} Bd6 {[%clk 0:02:10]} 41. Rd5
{[%clk 0:00:32]} a5 {[%clk 0:00:31]} 42. Bxa5 Ra8 {[%clk 0:16:46]} 43. Bc3
{[%clk 0:24:49]} Rxa2 {[%clk 0:16:43]} 44. Be5 {[%clk 0:24:44]} Ra6
{[%clk 0:11:36]} 45. Bxd6 {[%clk 0:24:46]} cxd6 {[%clk 0:12:04]} 46. h5
{[%clk 0:23:41]} Kf8 {[%clk 0:10:31]} 47. Rf5+ {[%clk 0:23:53]} Kg8
{[%clk 0:10:30]} 48. Ke4 {[%clk 0:24:13]} Ra1 {[%clk 0:09:45]} 49. Kd5
{[%clk 0:24:29]} Rd1+ {[%clk 0:08:53]} 50. Ke6 {[%clk 0:24:04]} 1-0

[Event "M?R mu?? 2020"]
[Site "Plze?"]
[Date "2020.08.24"]
[Round "2.32"]
[White "Ludvik, Tomas"]
[Black "Turner, Radek"]
[Result "1-0"]
[BlackElo "2024"]
[WhiteElo "2202"]
[LiveChessVersion "1.4.8"]

1. d4 {[%clk 1:30:57]} Nf6 {[%clk 1:30:50]} 2. c4 {[%clk 1:31:22]} c5
{[%clk 1:31:01]} 3. d5 {[%clk 1:31:44]} b5 {[%clk 1:31:21]} 4. cxb5
{[%clk 1:31:39]} a6 {[%clk 1:29:57]} 5. bxa6 {[%clk 1:31:59]} g6 {[%clk 1:30:20]}
6. Nc3 {[%clk 1:32:20]} Bg7 {[%clk 1:30:37]} 7. e4 {[%clk 1:32:44]} O-O
{[%clk 1:30:58]} 8. Be2 {[%clk 1:32:47]} Qa5 {[%clk 1:30:01]} 9. Bd2
{[%clk 1:33:05]} Bxa6 {[%clk 1:29:18]} 10. Nf3 {[%clk 1:28:16]} Qb4
{[%clk 1:28:59]} 11. Bxa6 {[%clk 1:24:46]} Nxa6 {[%clk 1:27:55]} 12. Qe2
{[%clk 1:19:29]} Qxb2 {[%clk 1:18:28]} 13. Rb1 {[%clk 1:13:13]} Qa3
{[%clk 1:18:33]} 14. e5 {[%clk 1:11:35]} Ne8 {[%clk 1:16:01]} 15. Rb3
{[%clk 1:10:10]} Qa5 {[%clk 1:15:41]} 16. O-O {[%clk 1:08:56]} Rb8
{[%clk 0:59:59]} 17. Rxb8 {[%clk 0:59:53]} Nxb8 {[%clk 1:00:07]} 18. Rb1
{[%clk 1:00:06]} Nc7 {[%clk 0:58:43]} 19. Qc4 {[%clk 0:59:45]} Nca6
{[%clk 0:54:10]} 20. Rb7 {[%clk 0:52:07]} Rc8 {[%clk 0:44:42]} 21. Nb5
{[%clk 0:41:46]} Nb4 {[%clk 0:43:22]} 22. Na7 {[%clk 0:33:22]} Re8
{[%clk 0:41:07]} 23. Bxb4 {[%clk 0:33:12]} cxb4 {[%clk 0:40:39]} 24. Qxb4
{[%clk 0:33:05]} Qxd5 {[%clk 0:40:50]} 25. Rxb8 {[%clk 0:32:14]} Qd1+
{[%clk 0:40:05]} 26. Ne1 {[%clk 0:32:36]} Rxb8 {[%clk 0:39:48]} 27. Qxb8+
{[%clk 0:33:04]} Bf8 {[%clk 0:40:08]} 28. Kf1 {[%clk 0:28:26]} Qa4
{[%clk 0:40:03]} 29. Qc7 {[%clk 0:26:28]} Qa6+ {[%clk 0:39:53]} 30. Kg1
{[%clk 0:26:28]} Qe2 {[%clk 0:39:04]} 31. Qc3 {[%clk 0:26:03]} Bh6
{[%clk 0:37:59]} 32. Nf3 {[%clk 0:23:15]} Qxa2 {[%clk 0:35:26]} 33. Nc8
{[%clk 0:23:17]} Qb1+ {[%clk 0:26:02]} 34. Qe1 {[%clk 0:19:43]} Qb7
{[%clk 0:26:06]} 35. Nxe7+ {[%clk 0:17:19]} Kf8 {[%clk 0:26:25]} 36. Nxg6+
{[%clk 0:16:44]} hxg6 {[%clk 0:26:49]} 37. Qd1 {[%clk 0:14:10]} Qb5
{[%clk 0:23:33]} 38. g3 {[%clk 0:12:39]} Kg8 {[%clk 0:22:01]} 39. Kg2
{[%clk 0:11:38]} Bg7 {[%clk 0:21:16]} 40. Qd4 {[%clk 0:11:14]} Qc6
{[%clk 0:20:54]} 41. h4 {[%clk 0:08:50]} Bf8 {[%clk 0:20:00]} 42. Qg4
{[%clk 0:01:13]} Bg7 {[%clk 0:17:19]} 43. Qf4 {[%clk 0:28:27]} Qd5
{[%clk 0:47:20]} 44. g4 {[%clk 0:26:30]} Bf8 {[%clk 0:45:58]} 45. h5
{[%clk 0:24:18]} gxh5 {[%clk 0:43:28]} 46. gxh5 {[%clk 0:24:45]} Qc6
{[%clk 0:42:16]} 47. Kg1 {[%clk 0:19:26]} Bh6 {[%clk 0:41:50]} 48. Qg4+
{[%clk 0:18:35]} Kh7 {[%clk 0:41:48]} 49. Kg2 {[%clk 0:12:11]} Qd5
{[%clk 0:41:12]} 50. Qf5+ {[%clk 0:12:03]} Kg8 {[%clk 0:40:35]} 51. Kg3
{[%clk 0:10:48]} Bg7 {[%clk 0:39:21]} 52. Qg4 {[%clk 0:06:17]} Kh8
{[%clk 0:38:53]} 53. Qg5 {[%clk 0:06:22]} Kh7 {[%clk 0:38:50]} 54. Qf4
{[%clk 0:05:29]} Bh6 {[%clk 0:37:54]} 55. Qf5+ {[%clk 0:05:46]} Kh8
{[%clk 0:36:45]} 56. Nh4 {[%clk 0:04:06]} Bg7 {[%clk 0:30:03]} 57. f4
{[%clk 0:04:10]} Qe6 {[%clk 0:25:32]} 58. Qe4 {[%clk 0:02:18]} d6
{[%clk 0:24:53]} 59. Nf3 {[%clk 0:01:36]} Bh6 {[%clk 0:22:56]} 60. f5
{[%clk 0:01:16]} Qe8 {[%clk 0:22:37]} 61. e6 {[%clk 0:00:59]} fxe6
{[%clk 0:21:55]} 62. fxe6 {[%clk 0:01:03]} Qe7 {[%clk 0:21:40]} 63. Qg6
{[%clk 0:01:04]} Bg7 {[%clk 0:20:43]} 64. Ng5 {[%clk 0:00:46]} Kg8
{[%clk 0:15:05]} 65. h6 {[%clk 0:00:53]} Qf6 {[%clk 0:15:22]} 66. Qxg7+
{[%clk 0:01:01]} 1-0

[Event "M?R mu?? 2020"]
[Site "Plze?"]
[Date "2020.08.24"]
[Round "2.35"]
[White "Jezek, Jan"]
[Black "Brozka, Karel"]
[Result "0-1"]
[BlackElo "1991"]
[WhiteElo "2162"]
[LiveChessVersion "1.4.8"]

1. e4 {[%clk 1:30:56]} d5 {[%clk 1:30:47]} 2. exd5 {[%clk 1:31:14]} Qxd5
{[%clk 1:31:08]} 3. Nc3 {[%clk 1:31:36]} Qd6 {[%clk 1:31:10]} 4. g3
{[%clk 1:31:49]} Nf6 {[%clk 1:30:49]} 5. Bg2 {[%clk 1:31:48]} c6 {[%clk 1:30:22]}
6. d4 {[%clk 1:29:07]} Bg4 {[%clk 1:27:55]} 7. Nf3 {[%clk 1:28:01]} e6
{[%clk 1:27:08]} 8. O-O {[%clk 1:26:36]} Be7 {[%clk 1:26:22]} 9. Re1
{[%clk 1:23:07]} O-O {[%clk 1:25:14]} 10. h3 {[%clk 1:22:58]} Bxf3
{[%clk 1:23:00]} 11. Bxf3 {[%clk 1:21:25]} Rd8 {[%clk 1:21:44]} 12. Be3
{[%clk 1:05:30]} Nbd7 {[%clk 1:15:59]} 13. Bf4 {[%clk 0:59:39]} Qb4
{[%clk 1:15:34]} 14. a3 {[%clk 0:50:15]} Qb6 {[%clk 1:03:18]} 15. b4
{[%clk 0:45:51]} a5 {[%clk 1:01:56]} 16. Na4 {[%clk 0:39:20]} Qa6
{[%clk 0:56:43]} 17. Be2 {[%clk 0:35:52]} Qa7 {[%clk 0:52:13]} 18. c3
{[%clk 0:28:45]} b5 {[%clk 0:48:13]} 19. Nb2 {[%clk 0:28:36]} Nd5
{[%clk 0:46:02]} 20. Bd2 {[%clk 0:28:34]} Bf6 {[%clk 0:38:37]} 21. Bg4
{[%clk 0:20:23]} h5 {[%clk 0:27:51]} 22. Bxh5 {[%clk 0:18:37]} e5
{[%clk 0:27:38]} 23. Be3 {[%clk 0:16:31]} g6 {[%clk 0:17:19]} 24. Bf3
{[%clk 0:13:22]} Nxc3 {[%clk 0:16:31]} 25. Qd2 {[%clk 0:11:11]} exd4
{[%clk 0:16:21]} 26. Bg5 {[%clk 0:11:13]} Ne5 {[%clk 0:12:43]} 27. Rxe5
{[%clk 0:10:45]} Bxe5 {[%clk 0:12:58]} 28. Bxd8 {[%clk 0:10:44]} Rxd8
{[%clk 0:12:55]} 29. Nd3 {[%clk 0:10:54]} Bd6 {[%clk 0:12:12]} 30. Re1
{[%clk 0:09:05]} axb4 {[%clk 0:10:55]} 31. axb4 {[%clk 0:09:29]} Qd7
{[%clk 0:10:02]} 32. h4 {[%clk 0:08:14]} Re8 {[%clk 0:07:50]} 33. Rxe8+
{[%clk 0:07:10]} Qxe8 {[%clk 0:08:19]} 34. h5 {[%clk 0:07:10]} Qe6
{[%clk 0:04:16]} 35. Qg5 {[%clk 0:03:45]} Nd5 {[%clk 0:02:20]} 36. hxg6
{[%clk 0:03:42]} fxg6 {[%clk 0:02:25]} 37. Bg4 {[%clk 0:02:33]} Qe4
{[%clk 0:02:19]} 38. Nc5 {[%clk 0:01:41]} Bxc5 {[%clk 0:02:20]} 39. bxc5
{[%clk 0:01:59]} d3 {[%clk 0:01:02]} 40. Qd8+ {[%clk 0:01:01]} Kg7
{[%clk 0:01:15]} 41. Qd7+ {[%clk 0:00:57]} Ne7 {[%clk 0:29:28]} 42. Bf3
{[%clk 0:30:37]} Qe1+ {[%clk 0:26:03]} 43. Kg2 {[%clk 0:31:02]} d2
{[%clk 0:25:56]} 44. Qd4+ {[%clk 0:29:29]} Kf7 {[%clk 0:25:31]} 45. g4
{[%clk 0:29:23]} g5 {[%clk 0:24:02]} 46. Qd3 {[%clk 0:27:55]} Kg7
{[%clk 0:21:29]} 47. Qd4+ {[%clk 0:27:00]} Kh6 {[%clk 0:20:13]} 48. Qh8+
{[%clk 0:24:41]} Kg6 {[%clk 0:20:28]} 49. Qd4 {[%clk 0:24:16]} b4
{[%clk 0:18:26]} 50. Qd3+ {[%clk 0:20:24]} Kh6 {[%clk 0:18:38]} 0-1

[Event "M?R mu?? 2020"]
[Site "Plze?"]
[Date "2020.08.24"]
[Round "2.37"]
[White "Janous, Marek"]
[Black "Nemec, Jachym"]
[Result "1/2-1/2"]
[BlackElo "2150"]
[WhiteElo "1968"]
[LiveChessVersion "1.4.8"]

1. e4 {[%clk 1:30:59]} c5 {[%clk 1:30:17]} 2. Nf3 {[%clk 1:31:13]} d6
{[%clk 1:30:01]} 3. d4 {[%clk 1:31:03]} cxd4 {[%clk 1:29:54]} 4. Nxd4
{[%clk 1:31:15]} Nf6 {[%clk 1:30:15]} 5. Nc3 {[%clk 1:31:34]} a6 {[%clk 1:30:41]}
6. Be2 {[%clk 1:26:50]} e5 {[%clk 1:30:52]} 7. Nb3 {[%clk 1:27:14]} Be7
{[%clk 1:31:18]} 8. O-O {[%clk 1:27:30]} O-O {[%clk 1:31:45]} 9. a4
{[%clk 1:27:54]} Be6 {[%clk 1:32:02]} 10. Be3 {[%clk 1:23:51]} Nbd7
{[%clk 1:31:38]} 11. f3 {[%clk 1:21:09]} Rc8 {[%clk 1:30:30]} 12. a5
{[%clk 1:20:07]} Qc7 {[%clk 1:17:11]} 13. Qd2 {[%clk 1:19:15]} Rfd8
{[%clk 1:10:53]} 14. Rfc1 {[%clk 1:17:26]} Qc6 {[%clk 1:03:53]} 15. Rd1
{[%clk 1:04:58]} Nf8 {[%clk 1:02:14]} 16. Bb6 {[%clk 0:42:32]} Rd7
{[%clk 0:59:36]} 17. Qe3 {[%clk 0:33:53]} Ng6 {[%clk 0:59:50]} 18. Bd3
{[%clk 0:33:07]} h5 {[%clk 0:55:36]} 19. Nd2 {[%clk 0:31:25]} h4 {[%clk 0:54:14]}
20. Qe1 {[%clk 0:29:25]} Nf4 {[%clk 0:44:23]} 21. Nf1 {[%clk 0:27:17]} g6
{[%clk 0:38:56]} 22. Ne3 {[%clk 0:26:26]} Kg7 {[%clk 0:37:59]} 23. Ne2
{[%clk 0:15:50]} N6h5 {[%clk 0:36:59]} 24. Ra3 {[%clk 0:07:09]} Nxd3
{[%clk 0:30:31]} 25. Rdxd3 {[%clk 0:07:14]} Qb5 {[%clk 0:30:19]} 26. b3
{[%clk 0:02:14]} Rxc2 {[%clk 0:29:56]} 27. Nxc2 {[%clk 0:01:47]} Qxd3
{[%clk 0:30:22]} 28. Nb4 {[%clk 0:01:14]} Qb5 {[%clk 0:30:40]} 29. Ra4
{[%clk 0:01:39]} Bd8 {[%clk 0:29:26]} 30. Bxd8 {[%clk 0:01:17]} Rxd8
{[%clk 0:29:50]} 31. Ra3 {[%clk 0:01:02]} Qc5+ {[%clk 0:30:14]} 32. Kh1
{[%clk 0:01:27]} Rc8 {[%clk 0:29:58]} 33. h3 {[%clk 0:01:09]} Qe3
{[%clk 0:30:03]} 34. Ra1 {[%clk 0:01:05]} Bxb3 {[%clk 0:30:11]} 35. Rb1
{[%clk 0:01:00]} Bc4 {[%clk 0:29:50]} 36. Rc1 {[%clk 0:00:46]} Rc5
{[%clk 0:29:37]} 37. Nc3 {[%clk 0:00:34]} Ng3+ {[%clk 0:28:52]} 38. Kh2
{[%clk 0:00:54]} Qf4 {[%clk 0:27:23]} 39. Kg1 {[%clk 0:01:13]} Be6
{[%clk 0:27:19]} 40. Nd3 {[%clk 0:01:18]} Qg5 {[%clk 0:16:27]} 41. Nxc5
{[%clk 0:29:59]} dxc5 {[%clk 0:47:23]} 42. Kf2 {[%clk 0:23:44]} Qd8
{[%clk 0:46:43]} 43. Ne2 {[%clk 0:22:57]} Nxe2 {[%clk 0:44:19]} 44. Kxe2
{[%clk 0:22:32]} Bd7 {[%clk 0:35:04]} 45. Qc3 {[%clk 0:19:11]} Qg5
{[%clk 0:34:40]} 46. Kf1 {[%clk 0:14:06]} c4 {[%clk 0:34:58]} 47. Rd1
{[%clk 0:13:58]} Be6 {[%clk 0:35:05]} 48. Rb1 {[%clk 0:13:52]} Qg3
{[%clk 0:32:47]} 49. Qe1 {[%clk 0:11:32]} Qh2 {[%clk 0:32:26]} 50. Rxb7
{[%clk 0:08:35]} Qh1+ {[%clk 0:32:37]} 51. Kf2 {[%clk 0:08:27]} Qh2
{[%clk 0:33:04]} 52. Kf1 {[%clk 0:06:12]} Qh1+ {[%clk 0:32:28]} 53. Kf2
{[%clk 0:06:39]} Qh2 {[%clk 0:32:53]} 54. Kf1 {[%clk 0:01:02]} Qh1+
{[%clk 0:33:12]} 55. Kf2 {[%clk 0:01:02]} 1/2-1/2